UBT Library

2007 Microsoft Office system inside out / (Record no. 44867)

000 -LEADER
fixed length control field 00783cam a22002657a 4500
001 - CONTROL NUMBER
control field 14617488
005 - DATE AND TIME OF LATEST TRANSACTION
control field 20180313054257.0
008 - FIXED-LENGTH DATA ELEMENTS--GENERAL INFORMATION
fixed length control field 061031s2007 waua 001 0 eng d
010 ## - LIBRARY OF CONGRESS CONTROL NUMBER
LC control number 2006937710
020 ## - INTERNATIONAL STANDARD BOOK NUMBER
International Standard Book Number 9780735623248 (pbk.)
020 ## - INTERNATIONAL STANDARD BOOK NUMBER
International Standard Book Number 0735623244 (pbk.)
035 ## - SYSTEM CONTROL NUMBER
System control number (OCoLC)ocn105658746
040 ## - CATALOGING SOURCE
Original cataloging agency OCO
Transcribing agency OCO
Modifying agency YDXCP
-- BAKER
-- COH
-- BTCTA
-- DLC
041 ## - LANGUAGE CODE
Language code of text/sound track or separate title eng
042 ## - AUTHENTICATION CODE
Authentication code lccopycat
080 ## - UNIVERSAL DECIMAL CLASSIFICATION NUMBER
Universal Decimal Classification number 651.8425
082 04 - DEWEY DECIMAL CLASSIFICATION NUMBER
Classification number 651.8425 PIE
100 ## - Rafti
Rafti 30
101 ## - Shkurtesa
Shkurtesa SHKI
245 00 - TITLE STATEMENT
Title 2007 Microsoft Office system inside out /
Statement of responsibility, etc Jim Boyce ... [et al.] ; John Pierce, contributing editor.
906 ## - LOCAL DATA ELEMENT F, LDF (RLIN)
a 7
b cbc
c copycat
d 2
e ncip
f 20
g y-gencatlg
942 ## - ADDED ENTRY ELEMENTS (KOHA)
Source of classification or shelving scheme
Item type Books
Holdings
Withdrawn status Lost status Source of classification or shelving scheme Damaged status Not for loan Collection code Permanent location Current location Shelving location Date acquired Total Checkouts Full call number Barcode Date last seen Price effective from Koha item type
          Koleksioni i përgjithshem UBT - Lipjan UBT - Lipjan Koleksioni i përgjithshem 03/13/2018   651.8425 PIE 002-3002155 03/13/2018 03/13/2018 Books
UBT Library © 2015-2024. All rights reserved University Education for Business and Technology